| 000 | 00772cam a22002411i 4500 | ||
|---|---|---|---|
| 001 | 22621 | ||
| 003 | BD-RjUL | ||
| 005 | 20211209000829.0 | ||
| 008 | 140309r19111906enk 000 0 eng | ||
| 035 | _a(BD-RjUL)22686 | ||
| 035 | _a(OCoLC)3037447 | ||
| 040 |
_aDLC _cOKentU _dOClW-H _dOCoLC _dODaWU _dDLC _dBD-RjUL _beng |
||
| 041 | _aeng | ||
| 082 | 0 | 0 |
_219 _a824 _bHOP 1911 |
| 100 | 1 |
_aHolmes, Oliver Wendell, _d1809-1894. _967483 |
|
| 245 | 1 | 4 |
_aThe professor at the breakfast-table / _c Oliver Wendell Holmes. |
| 260 |
_aLondon ; New York : _bJ. M. Dent & sons ; Dutton, _c1906 [Reprinted 1911]. |
||
| 300 |
_a300 p. ; _c19 cm. |
||
| 650 | 0 |
_aWit and Humor as Topic _vFictional Works. _969830 |
|
| 942 |
_2ddc _cBK |
||
| 999 |
_c22621 _d22621 |
||